| 000 | 01439 a2200265 4500 | ||
|---|---|---|---|
| 001 | 63749 | ||
| 005 | 20260407155937.0 | ||
| 008 | 260407a2025 arg spa d | ||
| 003 | AR-UNSa-BCEJYS | ||
| 040 |
_aAR-UNSa-BCEJYS _bspa _cAR-UNSa-BCEJYS |
||
| 080 |
_a657.3 _xPresupuestos. Cierre de Cuentas. Balances (Estados Contables) |
||
| 245 | 1 | 0 | _aConjunto completo de estados contables |
| 020 | _a978-631-6694-00-3 | ||
| 264 | 1 |
_aBuenos Aires : _bEdiciones DyD _c2025 |
|
| 300 |
_a347 p. _c23 cm. |
||
| 505 | _a1. Emisión de normas profesionales de contabilidad en la Argentina - 2. Conjunto completo de estados contables - 3. Estado de situación patrimonial - 4. Estado de resultados - 5. Estado de evolución del patrimonio neto y su expresión en moneda de cierre - 6. Estado de flujos de efectivo. Cuestiones generales y específicas sin considerar la expresión en moneda de cierre - 7. Estado de flujos de efectivo expresado en moneda de cierre en un contexto de inflación - 8. Caso de aplicación de un juego completo de estados con sus notas en base al modelo del informe 27 de CENCYA - | ||
| 041 | _aspa | ||
| 942 | _cBK | ||
| 590 | _aniveau_biblio:m niveau_hierar:0 | ||
| 100 | 1 | _aPetti, Ana María | |
| 700 | 1 | _aBiasi, Leonardo Iván | |
| 650 | _aRESOLUCIÓN TÉCNICA 54 | ||
| 856 | 4 | 1 |
_uhttps://biblioeco.unsa.edu.ar/pmb/images/libros/L129445.jpg _yImagen de portada _qimage/jpeg |
| 650 | _a resolucion tecnica 54 | ||
| 999 |
_c8309 _d8309 |
||